[Event "Laval XVIII"]
[Site "Laval CAN"]
[Date "2001.04.20"]
[Round "1"]
[White "Auger, Bertrand"]
[Black "Bolduc, Steve"]
[Result "0-1"]
[WhiteElo "1996"]
[BlackElo "2197"]
[PlyCount "58"]
[GameId "2160767911564940"]
[EventDate "2001.04.20"]
[EventType "swiss"]
[EventRounds "5"]
[EventCountry "CAN"]
[SourceTitle "hb 2011"]

1. Nf3 Nf6 2. g3 d5 3. b3 Bg4 4. Bg2 Nbd7 5. Bb2 e6 6. O-O Bd6 7. c4 c6 8. d3 O-O 9. Nbd2 Qe7 10. Re1 e5 11. h3 Bh5 12. Nh4 Qe6 13. Qc2 g5 14. Nhf3 h6 15. e4 dxe4 16. dxe4 a5 17. a3 g4 18. hxg4 Nxg4 19. Nh2 Nxf2 20. Kxf2 Bc5+ 21. Kf1 f5 22. Nhf3 fxe4 23. Qxe4 Bg6 24. Qe2 Qg4 25. Ne4 Bxe4 26. Qxe4 Qxg3 27. Re3 Rf4 28. Qd3 Bxe3 29. Qxe3 Raf8 0-1

[Event "Laval XVIII"]
[Site "Laval CAN"]
[Date "2001.04.21"]
[Round "3"]
[White "Plante, Michel"]
[Black "Bolduc, Steve"]
[Result "0-1"]
[WhiteElo "1968"]
[BlackElo "2197"]
[PlyCount "62"]
[GameId "2160767911564943"]
[EventDate "2001.04.20"]
[EventType "swiss"]
[EventRounds "5"]
[EventCountry "CAN"]
[SourceTitle "hb 2011"]

1. d4 Nf6 2. Nf3 g6 3. Bg5 Bg7 4. Nbd2 d5 5. e3 O-O 6. Bd3 b6 7. Qe2 Bb7 8. O-O Ne4 9. Bh4 Nd7 10. c4 Nxd2 11. Nxd2 c5 12. cxd5 Bxd5 13. e4 Bb7 14. d5 Bxb2 15. Rad1 Bf6 16. Bg3 Ne5 17. Bb1 Qc8 18. f4 Ba6 19. Qe1 Nd3 20. Bxd3 Bxd3 21. Rf3 c4 22. Rc1 Qa6 23. e5 Bg7 24. Ne4 Rad8 25. f5 gxf5 26. Rxf5 Rxd5 27. Rg5 b5 28. Bf4 Kh8 29. Nc3 Rd7 30. Qg3 Bg6 31. Re1 Rd3 0-1

[Event "Laval XVIII"]
[Site "Laval CAN"]
[Date "2001.04.22"]
[Round "4"]
[White "Bolduc, Steve"]
[Black "Beaudoin, Stephane"]
[Result "1-0"]
[WhiteElo "2197"]
[BlackElo "2007"]
[PlyCount "81"]
[GameId "2160767911564944"]
[EventDate "2001.04.20"]
[EventType "swiss"]
[EventRounds "5"]
[EventCountry "CAN"]
[SourceTitle "hb 2011"]

1. d4 g6 2. Nf3 Bg7 3. g3 d6 4. Bg2 Nd7 5. O-O c6 6. c4 Ngf6 7. Nc3 O-O 8. h3 e5 9. e4 Re8 10. Re1 Qe7 11. d5 c5 12. a3 Kh8 13. Be3 Rg8 14. b4 b6 15. Nd2 Nh5 16. Nb3 a5 17. bxc5 bxc5 18. Na4 Qe8 19. Bf3 f5 20. exf5 e4 21. Bg4 Nhf6 22. fxg6 Qxg6 23. Bf4 h5 24. Be6 Ne5 25. Bxe5 Bxe6 26. dxe6 dxe5 27. Nbxc5 Bh6 28. Qb3 e3 29. Rxe3 Bxe3 30. Qxe3 h4 31. Kh2 hxg3+ 32. fxg3 Kh7 33. Qxe5 Qh6 34. Qf5+ Kh8 35. Kg2 Rad8 36. Rf1 Rdf8 37. Qf4 Qh5 38. e7 Rf7 39. Nd7 Nxd7 40. Qxf7 Qxf7 41. Rxf7 1-0

[Event "Laval XVIII"]
[Site "Laval CAN"]
[Date "2001.04.22"]
[Round "5"]
[White "Bannon, Eric"]
[Black "Bolduc, Steve"]
[Result "1/2-1/2"]
[WhiteElo "1980"]
[BlackElo "2197"]
[PlyCount "38"]
[GameId "2160767911564946"]
[EventDate "2001.04.20"]
[EventType "swiss"]
[EventRounds "5"]
[EventCountry "CAN"]
[SourceTitle "hb 2011"]

1. e4 c6 2. d4 d5 3. Nc3 dxe4 4. Nxe4 Nd7 5. Bd3 Ngf6 6. Ng5 e6 7. Qe2 Bd6 8. N1f3 O-O 9. Nxe6 Bb4+ 10. c3 Bxc3+ 11. bxc3 fxe6 12. Qxe6+ Kh8 13. Ng5 Nc5 14. Qc4 Nxd3+ 15. Qxd3 Qd5 16. O-O Bf5 17. Qd1 h6 18. Nf3 Bg4 19. Qd3 Bxf3 1/2-1/2

[Event "Laval XVIII"]
[Site "Laval CAN"]
[Date "2001.04.22"]
[Round "5"]
[White "Robichaud, Louis"]
[Black "Bachand-Fleurent, Julien"]
[Result "1-0"]
[WhiteElo "2140"]
[BlackElo "2128"]
[PlyCount "93"]
[GameId "2160767911564948"]
[EventDate "2001.04.20"]
[EventType "swiss"]
[EventRounds "5"]
[EventCountry "CAN"]
[SourceTitle "EXT 2022"]
[Source "ChessBase"]
[SourceDate "2021.10.06"]
[SourceVersion "1"]
[SourceVersionDate "2021.10.06"]
[SourceQuality "1"]

1. e4 e6 2. d3 d5 3. Nd2 g6 4. Ngf3 Bg7 5. g3 b6 6. Bg2 Bb7 7. O-O Ne7 8. Re1 O-O 9. e5 c5 10. Nf1 d4 11. h4 Nd7 12. N1h2 Qc7 13. Qe2 Rab8 14. c4 dxc3 15. bxc3 b5 16. Bg5 Nc8 17. c4 b4 18. Qe3 a5 19. Bh6 Ne7 20. Bh3 Qc6 21. Bxg7 Kxg7 22. Qg5 Rfe8 23. Re4 Qa4 24. Ree1 Qc2 25. Qd2 Qxd2 26. Nxd2 Nc6 27. f4 Nd4 28. Rac1 a4 29. Bg2 Red8 30. Bxb7 Rxb7 31. Ne4 Rc7 32. Kf2 Nb6 33. Nd6 Nc8 34. Ne4 Rc6 35. Red1 Rd7 36. Nf3 Nf5 37. g4 Nfe7 38. d4 cxd4 39. Nxd4 Rcc7 40. Nf6 Rd8 41. Nxe6+ fxe6 42. Rxd8 Rb7 43. Rb1 b3 44. axb3 axb3 45. Rd3 b2 46. Rd2 Rb4 47. Rc2 1-0

[Event "Levis op"]
[Site "Levis CAN"]
[Date "2001.01.07"]
[Round "5"]
[White "Belanger, Jacques"]
[Black "Dion, Jean-Francois"]
[Result "1-0"]
[WhiteElo "2100"]
[BlackElo "1699"]
[PlyCount "99"]
[GameId "2160767911627357"]
[EventDate "2001.??.??"]
[EventType "swiss"]
[EventRounds "5"]
[EventCountry "CAN"]
[SourceTitle "EXT 2004"]
[Source "ChessBase"]
[SourceDate "2003.11.25"]
[SourceVersion "1"]
[SourceVersionDate "2003.11.25"]
[SourceQuality "1"]

1. e4 d6 2. d4 Nf6 3. Nc3 c6 4. f4 Qa5 5. Bd3 e5 6. dxe5 dxe5 7. fxe5 Nfd7 8. Nf3 Nxe5 9. Nxe5 Qxe5 10. O-O Bc5+ 11. Kh1 O-O 12. Bf4 Qe7 13. e5 Re8 14. Qh5 g6 15. Qf3 Be6 16. Ne4 Nd7 17. Bg5 Qf8 18. Qf4 Bd4 19. Nf6+ Nxf6 20. Qxd4 Nh5 21. Be2 Ng7 22. Bf6 Nf5 23. Qf4 Qh6 24. Bg5 Qf8 25. Rad1 h6 26. Bf6 g5 27. Qe4 Nh4 28. Bc4 Bxc4 29. Qxc4 Ng6 30. Rd7 Rxe5 31. Rxb7 Re6 32. g3 Qe8 33. Bc3 Rd8 34. Rxa7 Rd7 35. Rxd7 Qxd7 36. Qd4 Qxd4 37. Bxd4 Re4 38. c3 Ne5 39. Rf5 Nd3 40. b4 Nxb4 41. a4 Nc2 42. Re5 Rg4 43. Kg2 Nxd4 44. h3 f6 45. hxg4 fxe5 46. cxd4 exd4 47. a5 d3 48. Kf3 c5 49. a6 c4 50. a7 1-0

[Event "Longueuil-St-Jean m"]
[Site "St-Jean-sur-Richelieu CAN"]
[Date "2001.03.02"]
[Round "1"]
[White "Maxant, Joseph"]
[Black "Blais, Georges"]
[Result "0-1"]
[WhiteElo "1571"]
[BlackElo "1701"]
[PlyCount "68"]
[GameId "2160767911610373"]
[EventDate "2001.03.02"]
[EventType "team"]
[EventCountry "CAN"]

1. e4 d5 2. exd5 Qxd5 3. Nc3 Qd6 4. d4 c6 5. Bc4 Be6 6. Bxe6 Qxe6+ 7. Qe2 Qg6 8. f3 e6 9. Nh3 Be7 10. O-O Nf6 11. Nf4 Qf5 12. g4 Qa5 13. a3 Qb6 14. Qd3 Nbd7 15. Be3 Qc7 16. b4 Rd8 17. g5 Nd5 18. Ncxd5 cxd5 19. Nh5 g6 20. Ng3 Bd6 21. Kg2 Bf4 22. Rac1 Nb6 23. Bxf4 Qxf4 24. Rce1 Nc4 25. Ne4 dxe4 26. Rxe4 Qxg5+ 27. Rg4 Ne3+ 28. Kh1 Nxg4 29. fxg4 Qxg4 30. Qb5+ Rd7 31. Qc5 Qxd4 32. Qc8+ Rd8 33. Qc7 Qd5+ 34. Kg1 O-O 0-1

[Event "Manitoba-ch U20"]
[Site "Winnipeg CAN"]
[Date "2001.10.27"]
[Round "1"]
[White "Gray, Colin"]
[Black "Lafeniere, Adrian"]
[Result "0-1"]
[WhiteElo "970"]
[BlackElo "1738"]
[PlyCount "48"]
[GameId "2160767911484983"]
[EventDate "2001.10.27"]
[EventType "swiss"]
[EventRounds "4"]
[EventCountry "CAN"]
[SourceTitle "EXT 2022"]
[Source "ChessBase"]
[SourceDate "2021.10.06"]
[SourceVersion "1"]
[SourceVersionDate "2021.10.06"]
[SourceQuality "1"]

1. e4 c5 2. Nf3 Nc6 3. Nc3 g6 4. Bc4 e6 5. O-O Bg7 6. d3 Nge7 7. Be3 d5 8. Bb3 d4 9. Bxd4 Nxd4 10. Nxd4 Bxd4 11. Ne2 Bxb2 12. Rb1 Bg7 13. f4 O-O 14. Ng3 Qc7 15. Qf3 Nc6 16. Rf2 Nd4 17. Qg4 Nxb3 18. cxb3 Bd4 19. Rbf1 b6 20. Kh1 Bxf2 21. Rxf2 f5 22. exf5 exf5 23. Qf3 Bb7 24. Qe3 Rfe8 0-1

[Event "Manitoba-ch U20"]
[Site "Winnipeg CAN"]
[Date "2001.10.27"]
[Round "1"]
[White "Lipnowski, Samuel"]
[Black "Hou, Jeff"]
[Result "1-0"]
[WhiteElo "2037"]
[BlackElo "1379"]
[PlyCount "37"]
[GameId "2160767911484986"]
[EventDate "2001.10.27"]
[EventType "swiss"]
[EventRounds "4"]
[EventCountry "CAN"]
[SourceTitle "EXT 2022"]
[Source "ChessBase"]
[SourceDate "2021.10.06"]
[SourceVersion "1"]
[SourceVersionDate "2021.10.06"]
[SourceQuality "1"]

1. e4 e5 2. f4 d6 3. Nf3 Nc6 4. Bc4 Be7 5. O-O Nf6 6. d3 O-O 7. Nc3 Be6 8. Bb3 Bg4 9. h3 Bh5 10. g4 Nxg4 11. hxg4 Bxg4 12. Ne2 Qd7 13. Qe1 Bh3 14. Rf2 Qg4+ 15. Kh1 Bh4 16. Nxh4 Qxh4 17. Be3 Qg4 18. Qg1 Qd7 19. f5 1-0

[Event "Manitoba-ch U20"]
[Site "Winnipeg CAN"]
[Date "2001.10.27"]
[Round "1"]
[White "Shome, Devarshi"]
[Black "Strub, Michael"]
[Result "0-1"]
[WhiteElo "1329"]
[BlackElo "1844"]
[PlyCount "38"]
[GameId "2160767911484987"]
[EventDate "2001.10.27"]
[EventType "swiss"]
[EventRounds "4"]
[EventCountry "CAN"]
[SourceTitle "EXT 2022"]
[Source "ChessBase"]
[SourceDate "2021.10.06"]
[SourceVersion "1"]
[SourceVersionDate "2021.10.06"]
[SourceQuality "1"]

1. e4 e5 2. f4 Bc5 3. Nf3 d6 4. Bc4 Nc6 5. d3 Be6 6. Nc3 Bxc4 7. dxc4 Nf6 8. Qd3 Ng4 9. Rf1 Nxh2 10. Nxh2 Qh4+ 11. Ke2 Qxh2 12. Nd5 Qxg2+ 13. Kd1 Qg4+ 14. Ke1 O-O-O 15. Be3 Qg3+ 16. Kd2 Bxe3+ 17. Qxe3 Qxe3+ 18. Nxe3 exf4 19. Rxf4 Ne5 0-1

[Event "Manitoba-ch U20"]
[Site "Winnipeg CAN"]
[Date "2001.10.27"]
[Round "2"]
[White "Gushuliak, Justin"]
[Black "Walker, Sean"]
[Result "1/2-1/2"]
[WhiteElo "2120"]
[BlackElo "1665"]
[PlyCount "33"]
[GameId "2160767911484989"]
[EventDate "2001.10.27"]
[EventType "swiss"]
[EventRounds "4"]
[EventCountry "CAN"]
[SourceTitle "EXT 2022"]
[Source "ChessBase"]
[SourceDate "2021.10.06"]
[SourceVersion "1"]
[SourceVersionDate "2021.10.06"]
[SourceQuality "1"]

1. e4 e5 2. Nf3 Nc6 3. Bb5 d6 4. Bxc6+ bxc6 5. d4 Bg4 6. Be3 Nf6 7. Nc3 d5 8. h3 Bxf3 9. Qxf3 exd4 10. Bxd4 dxe4 11. Qe3 Bb4 12. O-O-O O-O 13. Bc5 Bxc5 14. Qxc5 Qe8 15. Rhe1 Qe6 16. a3 Rfe8 17. Re3 1/2-1/2

[Event "Manitoba-ch U20"]
[Site "Winnipeg CAN"]
[Date "2001.10.27"]
[Round "2"]
[White "Hou, Jeff"]
[Black "Gray, Colin"]
[Result "0-1"]
[WhiteElo "1379"]
[BlackElo "970"]
[PlyCount "46"]
[GameId "2160767911484991"]
[EventDate "2001.10.27"]
[EventType "swiss"]
[EventRounds "4"]
[EventCountry "CAN"]
[SourceTitle "EXT 2022"]
[Source "ChessBase"]
[SourceDate "2021.10.06"]
[SourceVersion "1"]
[SourceVersionDate "2021.10.06"]
[SourceQuality "1"]

1. e4 e5 2. Nf3 Nc6 3. d4 Bd6 4. Bc4 h6 5. O-O Nf6 6. Nc3 O-O 7. Be3 Re8 8. Bd5 exd4 9. Nxd4 Ne5 10. h3 c6 11. Bb3 Bc7 12. f4 Ng6 13. e5 Nd5 14. Nxd5 cxd5 15. Bxd5 d6 16. Qd2 dxe5 17. fxe5 Qxd5 18. Qf2 Bxe5 19. Nf5 Bxf5 20. Qxf5 Qe6 21. Qf2 Bxb2 22. Rae1 Qf6 23. Qxf6 Bxf6 0-1

[Event "Manitoba-ch U20"]
[Site "Winnipeg CAN"]
[Date "2001.10.28"]
[Round "3"]
[White "Lipnowski, Samuel"]
[Black "Strub, Michael"]
[Result "1/2-1/2"]
[WhiteElo "2037"]
[BlackElo "1844"]
[PlyCount "54"]
[GameId "2160767911484995"]
[EventDate "2001.10.27"]
[EventType "swiss"]
[EventRounds "4"]
[EventCountry "CAN"]
[SourceTitle "EXT 2022"]
[Source "ChessBase"]
[SourceDate "2021.10.06"]
[SourceVersion "1"]
[SourceVersionDate "2021.10.06"]
[SourceQuality "1"]

1. d4 d5 2. c4 e6 3. Nc3 Nf6 4. Nf3 Nbd7 5. Bf4 c6 6. cxd5 Nxd5 7. Nxd5 exd5 8. a3 Nf6 9. e3 Bf5 10. Be2 Bd6 11. Bxd6 Qxd6 12. O-O O-O 13. b4 a5 14. Qb3 b5 15. Ne5 Nd7 16. Nxd7 Bxd7 17. Rfc1 Ra7 18. bxa5 Rfa8 19. Qb4 Qf8 20. Rc5 Rxa5 21. Bd1 R8a7 22. h3 g6 23. Bc2 Qa8 24. Rc3 Qf8 25. Rc5 Qa8 26. Rc3 Qf8 27. Rc5 Qa8 1/2-1/2

[Event "Manitoba-ch U20"]
[Site "Winnipeg CAN"]
[Date "2001.10.28"]
[Round "3"]
[White "Mu, Yuchen"]
[Black "Lipnowski, Michael"]
[Result "1-0"]
[WhiteElo "1597"]
[BlackElo "1798"]
[PlyCount "91"]
[GameId "2160767911484996"]
[EventDate "2001.10.27"]
[EventType "swiss"]
[EventRounds "4"]
[EventCountry "CAN"]
[SourceTitle "EXT 2022"]
[Source "ChessBase"]
[SourceDate "2021.10.06"]
[SourceVersion "1"]
[SourceVersionDate "2021.10.06"]
[SourceQuality "1"]

1. c4 e5 2. Nc3 Nc6 3. g3 g6 4. Bg2 Bg7 5. Nf3 d6 6. d3 f5 7. Bg5 Nf6 8. a3 a5 9. Nd5 O-O 10. b4 Be6 11. Nxf6+ Bxf6 12. Bxf6 Qxf6 13. b5 Ne7 14. Nd2 c6 15. a4 d5 16. bxc6 bxc6 17. cxd5 cxd5 18. Nb3 e4 19. d4 f4 20. O-O Nf5 21. Nc5 Nxd4 22. Nxe6 Nxe2+ 23. Qxe2 f3 24. Bxf3 exf3 25. Qe3 Rfe8 26. Rfe1 Ra6 27. Qd3 Raxe6 28. Qxd5 Kh8 29. Qxa5 Re2 30. Red1 Qb2 31. Rab1 Qc2 32. Rbc1 Qe4 33. Rd8 Rxd8 34. Qxd8+ Kg7 35. Rc7+ Kh6 36. Qf8+ Kg5 37. Rc5+ Kg4 38. Qc8+ Qe6 39. Rc4+ Kg5 40. Qxe6 Rxe6 41. h4+ Kh6 42. Rc1 Ra6 43. Ra1 Ra5 44. g4 Kg7 45. Kh2 Kf6 46. Kg3 1-0

[Event "Manitoba-ch U20"]
[Site "Winnipeg CAN"]
[Date "2001.10.28"]
[Round "3"]
[White "Shome, Devarshi"]
[Black "Gray, Colin"]
[Result "1/2-1/2"]
[WhiteElo "1329"]
[BlackElo "970"]
[PlyCount "38"]
[GameId "2160767911484997"]
[EventDate "2001.10.27"]
[EventType "swiss"]
[EventRounds "4"]
[EventCountry "CAN"]
[SourceTitle "EXT 2022"]
[Source "ChessBase"]
[SourceDate "2021.10.06"]
[SourceVersion "1"]
[SourceVersionDate "2021.10.06"]
[SourceQuality "1"]

1. e4 e5 2. f4 Nc6 3. Nf3 d6 4. Bc4 Nf6 5. d3 Be7 6. O-O O-O 7. fxe5 dxe5 8. Nc3 Bc5+ 9. Kh1 Bg4 10. h3 Bh5 11. Qe1 Bxf3 12. Rxf3 Nd4 13. Rf2 c6 14. Be3 Qd6 15. Bxd4 Bxd4 16. Rf5 h6 17. Qg3 Kh7 18. Raf1 b5 19. Bb3 Rab8 1/2-1/2

[Event "Manitoba-ch U20"]
[Site "Winnipeg CAN"]
[Date "2001.10.28"]
[Round "4"]
[White "Gray, Colin"]
[Black "Walker, Sean"]
[Result "0-1"]
[WhiteElo "970"]
[BlackElo "1665"]
[PlyCount "54"]
[GameId "2160767911484999"]
[EventDate "2001.10.27"]
[EventType "swiss"]
[EventRounds "4"]
[EventCountry "CAN"]
[SourceTitle "EXT 2022"]
[Source "ChessBase"]
[SourceDate "2021.10.06"]
[SourceVersion "1"]
[SourceVersionDate "2021.10.06"]
[SourceQuality "1"]

1. e4 e5 2. Nf3 Nc6 3. Nc3 Nf6 4. Bc4 Bc5 5. d3 h6 6. O-O d6 7. h3 O-O 8. Be3 Bb6 9. Re1 Na5 10. Bb3 Nxb3 11. cxb3 Bxe3 12. Rxe3 Nh5 13. Nxe5 dxe5 14. Qxh5 Qd6 15. Rc1 c6 16. Rf1 Bd7 17. Qh4 f5 18. Ne2 g5 19. Qh5 Be8 20. Qf3 f4 21. Nxf4 exf4 22. Re2 Rd8 23. Rd1 Bg6 24. Qg4 Rfe8 25. e5 Rxe5 26. Rxe5 Qxe5 27. d4 Qf5 0-1

[Event "Manitoba-ch U20"]
[Site "Winnipeg CAN"]
[Date "2001.10.28"]
[Round "4"]
[White "Lipnowski, Michael"]
[Black "Lafreniere, Adrian"]
[Result "1-0"]
[WhiteElo "1798"]
[BlackElo "1738"]
[PlyCount "47"]
[GameId "2160767911485002"]
[EventDate "2001.10.27"]
[EventType "swiss"]
[EventRounds "4"]
[EventCountry "CAN"]
[SourceTitle "EXT 2022"]
[Source "ChessBase"]
[SourceDate "2021.10.06"]
[SourceVersion "1"]
[SourceVersionDate "2021.10.06"]
[SourceQuality "1"]

1. d4 e6 2. c4 b6 3. Nc3 Bb7 4. Nf3 Nf6 5. Bg5 h6 6. Bh4 Be7 7. e3 c5 8. Bd3 Nc6 9. Bg3 d5 10. O-O a6 11. cxd5 Nxd5 12. a3 O-O 13. Qe2 Bd6 14. Bxd6 Qxd6 15. Ne4 Qe7 16. dxc5 bxc5 17. Rac1 Rfd8 18. Nxc5 a5 19. Rfd1 Rac8 20. Nxb7 Qxb7 21. Ba6 Qb6 22. Bxc8 Rxc8 23. Ne5 Nde7 24. Rd6 1-0

[Event "Manitoba-ch U20"]
[Site "Winnipeg CAN"]
[Date "2001.10.28"]
[Round "4"]
[White "Mu, Yuchen"]
[Black "Lipnowski, Samuel"]
[Result "0-1"]
[WhiteElo "1597"]
[BlackElo "2037"]
[PlyCount "62"]
[GameId "2160767911485003"]
[EventDate "2001.10.27"]
[EventType "swiss"]
[EventRounds "4"]
[EventCountry "CAN"]
[SourceTitle "EXT 2022"]
[Source "ChessBase"]
[SourceDate "2021.10.06"]
[SourceVersion "1"]
[SourceVersionDate "2021.10.06"]
[SourceQuality "1"]

1. c4 g6 2. Nc3 Bg7 3. d4 Nf6 4. e4 d6 5. Nf3 O-O 6. Be2 e5 7. O-O Nc6 8. d5 Ne7 9. Ne1 Nd7 10. Be3 f5 11. f3 f4 12. Bf2 g5 13. b4 Ng6 14. Nd3 Nf6 15. c5 h5 16. cxd6 cxd6 17. Rc1 g4 18. Nb5 g3 19. hxg3 fxg3 20. Bxg3 Bh6 21. Rc2 Rf7 22. a4 Rg7 23. a5 Nh7 24. Kf2 Nh4 25. Rg1 Rxg3 26. Kxg3 Be3 27. Kh2 Kh8 28. Ne1 Nf5 29. g3 Nxg3 30. Rxg3 Qh4+ 31. Kg2 Bh3+ 0-1

[Event "Manitoba-ch U20"]
[Site "Winnipeg CAN"]
[Date "2001.10.28"]
[Round "4"]
[White "Strub, Michael"]
[Black "Vincent, Trevor"]
[Result "0-1"]
[WhiteElo "1844"]
[BlackElo "1593"]
[PlyCount "64"]
[GameId "2160767911485004"]
[EventDate "2001.10.27"]
[EventType "swiss"]
[EventRounds "4"]
[EventCountry "CAN"]
[SourceTitle "EXT 2022"]
[Source "ChessBase"]
[SourceDate "2021.10.06"]
[SourceVersion "1"]
[SourceVersionDate "2021.10.06"]
[SourceQuality "1"]

1. d4 Nf6 2. c4 Nc6 3. Nc3 e6 4. e4 Bb4 5. Bg5 h6 6. Bxf6 Qxf6 7. e5 Bxc3+ 8. bxc3 Qe7 9. Bd3 O-O 10. Ne2 b6 11. Bc2 f5 12. Nf4 Qf7 13. h4 Bb7 14. f3 d6 15. exd6 cxd6 16. O-O e5 17. Ne2 Na5 18. Bb3 Nxc4 19. Qd3 Bd5 20. Rad1 Nb2 21. Qb5 Bxb3 22. Rb1 Bxa2 23. Rxb2 Rae8 24. Qa4 Bc4 25. Ra1 Re7 26. Ng3 b5 27. Qa3 exd4 28. cxd4 Qf6 29. Qc3 Qxh4 30. Kf2 f4 31. Rh1 Qxg3+ 32. Kg1 Re1+ 0-1

[Event "March of Kings"]
[Site "Calgary CAN"]
[Date "2001.03.16"]
[Round "1"]
[White "Campbell, Neil"]
[Black "Sorgard, Graham"]
[Result "1-0"]
[WhiteElo "1369"]
[BlackElo "1898"]
[PlyCount "79"]
[GameId "2160767911565138"]
[EventDate "2001.03.16"]
[EventType "swiss"]
[EventRounds "5"]
[EventCountry "CAN"]

1. e4 g6 2. d4 Bg7 3. f4 d6 4. Bc4 Nf6 5. Nc3 O-O 6. Nf3 Nxe4 7. Nxe4 d5 8. Bd3 dxe4 9. Bxe4 c5 10. c3 Qb6 11. O-O cxd4 12. cxd4 Nc6 13. Be3 Bg4 14. Bxc6 Qxc6 15. Qb3 Be6 16. Qb4 Bxa2 17. Rxa2 Qe6 18. Ra3 a5 19. Qb3 Qe4 20. Qd3 Qe6 21. Ng5 Qd6 22. Ne4 Qd5 23. Nc3 Qh5 24. Qb5 Qg4 25. Qg5 Qe6 26. f5 Qd7 27. Qf4 Rae8 28. Rxa5 Qc6 29. Qf3 Qc7 30. Rc5 Qb8 31. fxg6 hxg6 32. Nd5 Qd6 33. Qe4 e5 34. Qd3 Rd8 35. Bg5 e4 36. Qc4 b6 37. Bxd8 Bxd4+ 38. Qxd4 bxc5 39. Nf6+ Kg7 40. Qxd6 1-0

[Event "March of Kings"]
[Site "Calgary CAN"]
[Date "2001.03.17"]
[Round "3"]
[White "Smith, Mike"]
[Black "Day, Jonathan"]
[Result "1/2-1/2"]
[WhiteElo "1521"]
[BlackElo "1818"]
[PlyCount "106"]
[GameId "2160767911565139"]
[EventDate "2001.03.16"]
[EventType "swiss"]
[EventRounds "5"]
[EventCountry "CAN"]

1. b4 Nc6 2. b5 Ne5 3. d4 Ng6 4. Nf3 Nf6 5. e3 e6 6. Be2 b6 7. O-O Bb7 8. a4 Be7 9. Bd3 O-O 10. Bxg6 fxg6 11. Nbd2 d6 12. Ng5 Qd7 13. c4 h6 14. Ngf3 Qe8 15. Qc2 g5 16. Ba3 Nd7 17. e4 g4 18. Ne1 h5 19. d5 Bg5 20. Bc1 h4 21. Nb3 Bxc1 22. Rxc1 e5 23. a5 Qf7 24. a6 Bc8 25. f3 g3 26. h3 g5 27. Qe2 Nf6 28. Nd3 Nh5 29. Qe3 Qg6 30. Na1 Bd7 31. Nb3 Rae8 32. Na1 Re7 33. Nc2 Ref7 34. Ncb4 Qf6 35. Nc6 g4 36. hxg4 Bxg4 37. Nxa7 h3 38. Rc2 hxg2 39. Rxg2 Bh3 40. Nc6 Bxg2 41. Kxg2 Kg7 42. a7 Ra8 43. Rh1 Nf4+ 44. Nxf4 exf4 45. Qc1 Kg6 46. Qc2 Kg5 47. Qc1 Kg6 48. Qc2 Kg5 49. Qc1 Rff8 50. Rh3 Kg6 51. Qc2 Kg5 52. Qc1 Kg6 53. Qc2 Kg5 1/2-1/2

[Event "Mario Desautels mem A"]
[Site "Gatineau CAN"]
[Date "2001.01.16"]
[Round "1"]
[White "Rose, Richard"]
[Black "Lacourse, Guy"]
[Result "1/2-1/2"]
[WhiteElo "1818"]
[BlackElo "1694"]
[PlyCount "75"]
[GameId "2160767911610513"]
[EventDate "2001.01.16"]
[EventType "swiss"]
[EventRounds "5"]
[EventCountry "CAN"]

1. e4 c5 2. Nf3 d6 3. d4 cxd4 4. Nxd4 Nf6 5. Nc3 a6 6. Be2 e6 7. Be3 Be7 8. Qd2 Qc7 9. f4 b5 10. a3 Bb7 11. Bf3 Nbd7 12. f5 e5 13. Nb3 Nc5 14. Nxc5 dxc5 15. Qf2 O-O 16. g4 b4 17. g5 bxc3 18. gxf6 cxb2 19. Rb1 Bxf6 20. Rxb2 Qa5+ 21. Bd2 Qd8 22. h4 Bc6 23. c4 Qd3 24. Qg2 Rab8 25. Rxb8 Rxb8 26. Qe2 Rb1+ 27. Kf2 Qxe2+ 28. Kxe2 Rxh1 29. Bxh1 Bxh4 30. Ba5 Be7 31. Bc7 f6 32. Bf3 g6 33. Ke3 gxf5 34. exf5 Bxf3 35. Kxf3 Kf7 36. Bb6 Ke8 37. a4 Kd7 38. Ba5 1/2-1/2

[Event "Mario Desautels mem A"]
[Site "Gatineau CAN"]
[Date "2001.01.16"]
[Round "1"]
[White "Roy, Roger"]
[Black "Cote, Jacques"]
[Result "0-1"]
[WhiteElo "1720"]
[BlackElo "2077"]
[PlyCount "157"]
[GameId "2160767911610514"]
[EventDate "2001.01.16"]
[EventType "swiss"]
[EventRounds "5"]
[EventCountry "CAN"]
[SourceTitle "EXT 2005"]
[Source "ChessBase"]
[SourceDate "2004.11.15"]
[SourceVersion "1"]
[SourceVersionDate "2004.11.15"]
[SourceQuality "1"]

1. d4 f5 2. c4 Nf6 3. Nc3 g6 4. Qc2 d6 5. Nf3 c6 6. e3 Na6 7. a3 Bg7 8. Bd3 O-O 9. O-O Bd7 10. e4 fxe4 11. Nxe4 Nxe4 12. Bxe4 Nc7 13. Be3 d5 14. Bd3 dxc4 15. Bxc4+ Kh8 16. Ne5 e6 17. Qe4 Nd5 18. Rae1 Be8 19. Qg4 Rf5 20. Bd3 Nxe3 21. Rxe3 h5 22. Qe2 Rf6 23. Rg3 Qxd4 24. Bxg6 Bxg6 25. Rxg6 Rf5 26. Nf3 Qxb2 27. Qxe6 Rf6 28. Rxf6 Qxf6 29. Qxf6 Bxf6 30. Re1 Kg7 31. g3 Kf7 32. Kf1 Rd8 33. Rb1 b6 34. Ke2 Ke6 35. h3 Rd5 36. g4 Ra5 37. Rb3 hxg4 38. hxg4 Ra4 39. g5 Bg7 40. Nd2 Kf5 41. Nf3 c5 42. Re3 Bb2 43. Rb3 Bxa3 44. g6 Kxg6 45. Ne5+ Kf5 46. Nc6 c4 47. Rb5+ Bc5 48. Nd4+ Ke4 49. Nc2 Ra2 50. f3+ Kf4 51. Kd2 Kxf3 52. Kc3 a6 53. Rb1 b5 54. Rf1+ Ke4 55. Re1+ Kd5 56. Rd1+ Kc6 57. Rh1 a5 58. Rh6+ Kb7 59. Rh7+ Ka6 60. Rh6+ Bb6 61. Rg6 Kb7 62. Rg7+ Bc7 63. Rg5 Ka6 64. Rg6+ Bb6 65. Rf6 Ra4 66. Rg6 Kb7 67. Rg7+ Bc7 68. Rg5 Kb6 69. Rg6+ Ka7 70. Rg5 Bd8 71. Rxb5 Bf6+ 72. Kd2 Ra2 73. Rf5 Bh8 74. Rf8 Be5 75. Rf5 Bd6 76. Rf6 Bb4+ 77. Kc1 c3 78. Nxb4 axb4 79. Rf4 0-1

[Event "Mario Desautels mem A"]
[Site "Gatineau CAN"]
[Date "2001.01.16"]
[Round "1"]
[White "Thomann, Olivier"]
[Black "Lavergne, Daniel"]
[Result "1-0"]
[WhiteElo "1801"]
[BlackElo "1663"]
[PlyCount "37"]
[GameId "2160767911610515"]
[EventDate "2001.01.16"]
[EventType "swiss"]
[EventRounds "5"]
[EventCountry "CAN"]
[SourceTitle "EXT 2005"]
[Source "ChessBase"]
[SourceDate "2004.11.15"]
[SourceVersion "1"]
[SourceVersionDate "2004.11.15"]
[SourceQuality "1"]

1. e4 d5 2. d4 dxe4 3. Nc3 Nf6 4. f3 exf3 5. Nxf3 Bg4 6. h3 Bh5 7. g4 Bg6 8. Ne5 e6 9. Nxg6 hxg6 10. Qf3 c6 11. Be3 Bb4 12. Bc4 Qa5 13. O-O Bxc3 14. bxc3 Qxc3 15. g5 Qxc4 16. gxf6 gxf6 17. Qxf6 Rh7 18. Bg5 Qb4 19. Qd8# 1-0